000 00726nam a22002297a 4500
003 OSt
005 20230925090326.0
008 221006b |||||||| |||| 00| 0 eng d
040 _cLado V
082 _a731
_bS194i
100 _91092
_aSanchez, Teresa
_eautor
245 _aInstalaciones/
260 _bCentro Colombo Americano
_c1999
_aBogotá
300 _c20x26cm
_a16p.
366 _espa
505 _tPresentación
650 _2Tesauro de Arte & Arquitectura
_aARTE
_9703
650 _2Tesauro de Arte & Arquitectura
_aESCULTURA
_9702
650 _2Tesauro de Arte & Arquitectura
_aINSTALACIONES
_9702
650 _2Tesauro de Arte & Arquitectura
_aMADERA
_9703
942 _2ddc
_c1
_h731
_iS194i
_n0
999 _c4375
_d4375